|
|
|
|
| LEADER |
02153nam a2200481 4500 |
| 001 |
ocn936379807 |
| 003 |
OCoLC |
| 005 |
20180501122029.0 |
| 006 |
m o d |
| 007 |
cr cnu---unuuu |
| 008 |
160202s2016 ne ob 001 0 eng d |
| 040 |
|
|
|a N$T
|b eng
|e rda
|e pn
|c N$T
|d IDEBK
|d OPELS
|d CDX
|d OCLCQ
|d D6H
|d OCLCQ
|d OCLCO
|d UAB
|d OCLCO
|d GrThAP
|
| 020 |
|
|
|a 9780128052259
|q (electronic bk.)
|
| 020 |
|
|
|a 0128052252
|q (electronic bk.)
|
| 020 |
|
|
|a 9780128048092
|
| 035 |
|
|
|a (OCoLC)936379807
|
| 050 |
|
4 |
|a QH581.2
|
| 072 |
|
7 |
|a SCI
|x 056000
|2 bisacsh
|
| 082 |
0 |
4 |
|a 571.6
|2 23
|
| 049 |
|
|
|a TEFA
|
| 245 |
0 |
0 |
|a International review of cell and molecular biology.
|n Volume 322 /
|c edited by Kwang W. Jeon.
|
| 246 |
3 |
|
|a International review of cell and molecular biology.
|n Volume three hundred and twenty two
|
| 264 |
|
1 |
|a Amsterdam :
|b Academic Press,
|c 2016.
|
| 300 |
|
|
|a 1 online resource (x, 408 pages)
|
| 336 |
|
|
|a text
|b txt
|2 rdacontent
|
| 337 |
|
|
|a computer
|b c
|2 rdamedia
|
| 338 |
|
|
|a online resource
|b cr
|2 rdacarrier
|
| 504 |
|
|
|a Includes bibliographical references and index.
|
| 588 |
0 |
|
|a Print version record.
|
| 520 |
|
|
|a International Review of Cell and Molecular Biology presents comprehensive reviews and current advances in cell and molecular biology. The series has a worldwide readership, maintaining a high standard by publishing invited articles on important and timely topics authored by prominent cell and molecular biologists.
|
| 650 |
|
0 |
|a Cytology.
|
| 650 |
|
0 |
|a Molecular biology.
|
| 650 |
|
7 |
|a MEDICAL
|x Anatomy.
|2 bisacsh
|
| 650 |
|
7 |
|a SCIENCE
|x Life Sciences
|x Human Anatomy & Physiology.
|2 bisacsh
|
| 650 |
|
7 |
|a SCIENCE
|x Life Sciences
|x Anatomy & Physiology.
|2 bisacsh
|
| 650 |
|
7 |
|a Cytology.
|2 fast
|0 (OCoLC)fst00886282
|
| 650 |
|
7 |
|a Molecular biology.
|2 fast
|0 (OCoLC)fst01024734
|
| 650 |
|
2 |
|a Cells.
|
| 655 |
|
4 |
|a Electronic books.
|
| 655 |
|
2 |
|a Periodicals.
|
| 700 |
1 |
|
|a Jeon, Kwang W.,
|e editor.
|
| 776 |
0 |
8 |
|i Print version:
|t International review of cell and molecular biology. Volume 322
|z 9780128048092
|
| 856 |
4 |
0 |
|u https://www.sciencedirect.com/science/bookseries/19376448/322
|z Full Text via HEAL-Link
|